Statistics for Movies that start with a C

Click here to take the quiz!

General Stats

  • This quiz has been taken 806 times
  • The average score is 6 of 12

Answer Stats

HintAnswer% Correct
The key to finding your prince? A pumpkin and four mice.Cinderella
95%
Renee Zellweger, Catherine Zeta-Jones, Richard Gere. Hint: they're not singing "New York, New York."Chicago
76%
diCaprio as Conman: Cool.Catch Me If You Can
62%
Aussie in NYC: priceless.Crocodile Dundee
60%
Watch out, Somalian pirates! Tom Hanks is here.Captain Phillips
56%
This is the beginning of a beautiful friendship.Casablanca
56%
Let's break out of the coop! In clay stop-motion.Chicken Run
56%
Did you say: "Rosebud?"Citizen Kane
54%
Milk + Beethoven + ultra violence = one disturbing movie.Clockwork Orange
47%
Pampered Valley Girl finds love. Ugh: it's her stepbrother! Hello?Clueless
45%
Dystopian teen science fiction, part II.Catching Fire
20%
What do you do when Aliens visit Earth? Take out your organ and play music.Close Encounters of the Third Kind
13%

Score Distribution

Percentile by Number Answered

Percent of People with Each Score

Your Score History

You have not taken this quiz